Get the Picture: Superman or Batman Actors Quiz Stats

 Plays Quiz Updated Mar 31, 2019

Score 0/14 Timer 02:00
1 Play Today
Question Answer Wrong Answers
Christian Bale Batman
94%
Superman
2.8%
George Clooney Batman
93.9%
Superman
3.3%
Michael Keaton Batman
93.4%
Superman
3.7%
Christopher Reeve Superman
92.8%
Batman
4.4%
Val Kilmer Batman
92%
Superman
5.1%
Ben Affleck Batman
91.8%
Superman
5.3%
Adam West Batman
89.9%
Superman
7.3%
Henry Cavill Superman
89.5%
Batman
7.7%
George Reeves Superman
88%
Batman
9.3%
Dean Cain Superman
87.2%
Batman
9.9%
Brandon Routh Superman
83.6%
Batman
13.2%
Tom Welling Superman
80.7%
Batman
16.3%
Kirk Alyn Superman
73.7%
Batman
23.3%
Kevin Conroy Batman
48.2%
Superman
48.8%

Today's Daily Dose

Missing Word
Celine Dion

Word Ladder
Dr. Seuss Books

Quick Pick
Cities in India

Get the Picture
'A' Actresses

You're not logged in!

Compare scores with friends on all Sporcle quizzes.
OR
Log In

Sporcle TV

Today on Sporcle TV


Watch our educational content, quiz creation guides, and fun videos on Sporcle TV.

Show Comments

Extras

Top Quizzes Today


Score Distribution

Your Account Isn't Verified!

In order to create a playlist on Sporcle, you need to verify the email address you used during registration. Go to your Sporcle Settings to finish the process.

Report this User

Report this user for behavior that violates our Community Guidelines.

Details: